| 000 | 00715cab a2200289 4500 | ||
|---|---|---|---|
| 001 | ABS60316 | ||
| 008 | 090401t1999 xxu||||| |||| 00| 0 eng d | ||
| 035 | _a(Sirsi) u92517 | ||
| 041 | _aeng | ||
| 100 | _aSmit, J. | ||
| 245 | _aJohn Prescott`s regeneration game | ||
| 260 | _c1999 | ||
| 350 | _a0 | ||
| 490 |
_aBuilding Homes _vApril 1999, 17-33(11) |
||
| 650 | _aBROWNFIELD SITES | ||
| 650 | _aCONTAMINATED LAND | ||
| 650 | _aENVIRONMENTAL PROTECTION ACT 1990 | ||
| 650 | _aHOUSEHOLD PROJECTIONS | ||
| 650 | _aNEW HOMES | ||
| 650 | _aPPG12 | ||
| 650 | _aPPG3 | ||
| 650 | _aURBAN REGENERATION | ||
| 690 | _aHOUSING-DEVELOPMENT | ||
| 700 | _aWalton, R. | ||
| 942 | _n0 | ||
| 948 | _c01/04/1999 | ||
| 999 |
_c58645 _d58645 |
||